<?xml version="1.0" encoding="UTF-8"?>
<record
    xmlns:xsi="http://www.w3.org/2001/XMLSchema-instance"
    xsi:schemaLocation="http://www.loc.gov/MARC21/slim http://www.loc.gov/standards/marcxml/schema/MARC21slim.xsd"
    xmlns="http://www.loc.gov/MARC21/slim">

  <leader>00542nam a2200205Ia 4500</leader>
  <controlfield tag="008">230125s9999    xx            000 0 und d</controlfield>
  <datafield tag="020" ind1=" " ind2=" ">
    <subfield code="a">978-93-5024-998-7</subfield>
  </datafield>
  <datafield tag="041" ind1=" " ind2=" ">
    <subfield code="a">eng</subfield>
  </datafield>
  <datafield tag="082" ind1=" " ind2=" ">
    <subfield code="a">658.312 44</subfield>
    <subfield code="b">MIC</subfield>
  </datafield>
  <datafield tag="100" ind1=" " ind2=" ">
    <subfield code="a">Michael V P</subfield>
    <subfield code="9">106262</subfield>
  </datafield>
  <datafield tag="245" ind1=" " ind2=" ">
    <subfield code="a">Human Resource Management and human relations</subfield>
  </datafield>
  <datafield tag="250" ind1=" " ind2=" ">
    <subfield code="a">5th ed</subfield>
  </datafield>
  <datafield tag="260" ind1=" " ind2=" ">
    <subfield code="c">2011</subfield>
    <subfield code="b">Himalaya Publishing House</subfield>
    <subfield code="a">Mumbai</subfield>
  </datafield>
  <datafield tag="300" ind1=" " ind2=" ">
    <subfield code="a">777p</subfield>
  </datafield>
  <datafield tag="500" ind1=" " ind2=" ">
    <subfield code="a">HRM</subfield>
  </datafield>
  <datafield tag="650" ind1=" " ind2=" ">
    <subfield code="a">Human Resource Management</subfield>
  </datafield>
  <datafield tag="700" ind1=" " ind2=" ">
    <subfield code="a">Michael V P</subfield>
    <subfield code="9">106262</subfield>
  </datafield>
  <datafield tag="906" ind1=" " ind2=" ">
    <subfield code="b">78</subfield>
  </datafield>
  <datafield tag="999" ind1=" " ind2=" ">
    <subfield code="c">86932</subfield>
    <subfield code="d">86932</subfield>
  </datafield>
  <datafield tag="952" ind1=" " ind2=" ">
    <subfield code="0">0</subfield>
    <subfield code="1">0</subfield>
    <subfield code="4">0</subfield>
    <subfield code="7">0</subfield>
    <subfield code="a">HIMR</subfield>
    <subfield code="b">HIMR</subfield>
    <subfield code="d">2013-07-18</subfield>
    <subfield code="e">Pritam Book Centre</subfield>
    <subfield code="g">390.00</subfield>
    <subfield code="i">8534</subfield>
    <subfield code="l">0</subfield>
    <subfield code="o">658.312 44 MIC B12071</subfield>
    <subfield code="p">HIMR-BK-12071</subfield>
    <subfield code="r">2023-01-25 00:00:00</subfield>
    <subfield code="v">312.00</subfield>
    <subfield code="w">2013-07-08</subfield>
    <subfield code="y">BK</subfield>
    <subfield code="z">B12071</subfield>
  </datafield>
  <datafield tag="952" ind1=" " ind2=" ">
    <subfield code="0">2</subfield>
    <subfield code="1">0</subfield>
    <subfield code="4">0</subfield>
    <subfield code="7">0</subfield>
    <subfield code="a">HIMR</subfield>
    <subfield code="b">HIMR</subfield>
    <subfield code="d">2004-10-02</subfield>
    <subfield code="e">Goel Book agencies</subfield>
    <subfield code="g">195.00</subfield>
    <subfield code="i">709/30.9.2004</subfield>
    <subfield code="o">658.312 44 MIC B04125</subfield>
    <subfield code="p">HIMR-BK-4125</subfield>
    <subfield code="r">2023-01-25 00:00:00</subfield>
    <subfield code="v">166.00</subfield>
    <subfield code="w">2004-10-02</subfield>
    <subfield code="y">BK</subfield>
    <subfield code="z">B04125</subfield>
  </datafield>
  <datafield tag="952" ind1=" " ind2=" ">
    <subfield code="0">1</subfield>
    <subfield code="1">0</subfield>
    <subfield code="4">0</subfield>
    <subfield code="7">0</subfield>
    <subfield code="a">HIMR</subfield>
    <subfield code="b">HIMR</subfield>
    <subfield code="d">1997-10-16</subfield>
    <subfield code="e">By Staff  HNIMR</subfield>
    <subfield code="g">175.00</subfield>
    <subfield code="o">658.312 44 MIC B00525</subfield>
    <subfield code="p">HIMR-BK-525</subfield>
    <subfield code="r">2023-01-25 00:00:00</subfield>
    <subfield code="v">175.00</subfield>
    <subfield code="w">1997-10-16</subfield>
    <subfield code="y">BK</subfield>
    <subfield code="z">B00525</subfield>
  </datafield>
  <datafield tag="952" ind1=" " ind2=" ">
    <subfield code="0">0</subfield>
    <subfield code="1">0</subfield>
    <subfield code="4">0</subfield>
    <subfield code="7">0</subfield>
    <subfield code="a">HIMR</subfield>
    <subfield code="b">HIMR</subfield>
    <subfield code="d">2009-02-09</subfield>
    <subfield code="e">The Forward Books</subfield>
    <subfield code="g">340.00</subfield>
    <subfield code="i">2405</subfield>
    <subfield code="l">0</subfield>
    <subfield code="o">658.312 44 MIC B07212</subfield>
    <subfield code="p">HIMR-BK-7212</subfield>
    <subfield code="r">2023-01-25 00:00:00</subfield>
    <subfield code="v">272.00</subfield>
    <subfield code="w">2009-02-05</subfield>
    <subfield code="y">BK</subfield>
    <subfield code="z">B07212</subfield>
  </datafield>
  <datafield tag="952" ind1=" " ind2=" ">
    <subfield code="0">2</subfield>
    <subfield code="1">0</subfield>
    <subfield code="4">0</subfield>
    <subfield code="7">0</subfield>
    <subfield code="a">HIMR</subfield>
    <subfield code="b">HIMR</subfield>
    <subfield code="d">2005-01-10</subfield>
    <subfield code="e">Satya Gilani</subfield>
    <subfield code="g">195.00</subfield>
    <subfield code="i">1063/27.12.2004</subfield>
    <subfield code="o">658.312 44 MIC B04249</subfield>
    <subfield code="p">HIMR-BK-4249</subfield>
    <subfield code="r">2023-01-25 00:00:00</subfield>
    <subfield code="v">195.00</subfield>
    <subfield code="w">2005-01-10</subfield>
    <subfield code="y">BK</subfield>
    <subfield code="z">B04249</subfield>
  </datafield>
  <datafield tag="952" ind1=" " ind2=" ">
    <subfield code="0">2</subfield>
    <subfield code="1">0</subfield>
    <subfield code="4">0</subfield>
    <subfield code="7">0</subfield>
    <subfield code="a">HIMR</subfield>
    <subfield code="b">HIMR</subfield>
    <subfield code="d">2005-01-10</subfield>
    <subfield code="e">Satya Gilani</subfield>
    <subfield code="g">195.00</subfield>
    <subfield code="i">1063/27.12.2004</subfield>
    <subfield code="o">658.312 44 MIC B04250</subfield>
    <subfield code="p">HIMR-BK-4250</subfield>
    <subfield code="r">2023-01-25 00:00:00</subfield>
    <subfield code="v">195.00</subfield>
    <subfield code="w">2005-01-10</subfield>
    <subfield code="y">BK</subfield>
    <subfield code="z">B04250</subfield>
  </datafield>
  <datafield tag="952" ind1=" " ind2=" ">
    <subfield code="0">2</subfield>
    <subfield code="1">0</subfield>
    <subfield code="4">0</subfield>
    <subfield code="7">0</subfield>
    <subfield code="a">HIMR</subfield>
    <subfield code="b">HIMR</subfield>
    <subfield code="d">2004-10-02</subfield>
    <subfield code="e">Goel Book agencies</subfield>
    <subfield code="g">195.00</subfield>
    <subfield code="i">709</subfield>
    <subfield code="o">658.312 44 MIC B04161</subfield>
    <subfield code="p">HIMR-BK-4161</subfield>
    <subfield code="r">2023-01-25 00:00:00</subfield>
    <subfield code="v">166.00</subfield>
    <subfield code="w">2004-09-30</subfield>
    <subfield code="y">BK</subfield>
    <subfield code="z">B04161</subfield>
  </datafield>
  <datafield tag="952" ind1=" " ind2=" ">
    <subfield code="0">2</subfield>
    <subfield code="1">0</subfield>
    <subfield code="4">0</subfield>
    <subfield code="7">0</subfield>
    <subfield code="a">HIMR</subfield>
    <subfield code="b">HIMR</subfield>
    <subfield code="d">2004-10-02</subfield>
    <subfield code="e">Goel Book agencies</subfield>
    <subfield code="g">195.00</subfield>
    <subfield code="i">709</subfield>
    <subfield code="o">658.312 44 MIC B04163</subfield>
    <subfield code="p">HIMR-BK-4163</subfield>
    <subfield code="r">2023-01-25 00:00:00</subfield>
    <subfield code="v">166.00</subfield>
    <subfield code="w">2004-09-30</subfield>
    <subfield code="y">BK</subfield>
    <subfield code="z">B04163</subfield>
  </datafield>
  <datafield tag="952" ind1=" " ind2=" ">
    <subfield code="0">2</subfield>
    <subfield code="1">0</subfield>
    <subfield code="4">0</subfield>
    <subfield code="7">0</subfield>
    <subfield code="a">HIMR</subfield>
    <subfield code="b">HIMR</subfield>
    <subfield code="d">2004-10-02</subfield>
    <subfield code="e">Goel Book agencies</subfield>
    <subfield code="g">195.00</subfield>
    <subfield code="i">709</subfield>
    <subfield code="o">658.312 44 MIC B04162</subfield>
    <subfield code="p">HIMR-BK-4162</subfield>
    <subfield code="r">2023-01-25 00:00:00</subfield>
    <subfield code="v">166.00</subfield>
    <subfield code="w">2004-09-30</subfield>
    <subfield code="y">BK</subfield>
    <subfield code="z">B04162</subfield>
  </datafield>
  <datafield tag="952" ind1=" " ind2=" ">
    <subfield code="0">2</subfield>
    <subfield code="1">0</subfield>
    <subfield code="4">0</subfield>
    <subfield code="7">0</subfield>
    <subfield code="a">HIMR</subfield>
    <subfield code="b">HIMR</subfield>
    <subfield code="d">2004-10-02</subfield>
    <subfield code="e">Goel Book agencies</subfield>
    <subfield code="g">195.00</subfield>
    <subfield code="i">709</subfield>
    <subfield code="o">658.312 44 MIC B04160</subfield>
    <subfield code="p">HIMR-BK-4160</subfield>
    <subfield code="r">2023-01-25 00:00:00</subfield>
    <subfield code="v">166.00</subfield>
    <subfield code="w">2004-09-30</subfield>
    <subfield code="y">BK</subfield>
    <subfield code="z">B04160</subfield>
  </datafield>
  <datafield tag="952" ind1=" " ind2=" ">
    <subfield code="0">2</subfield>
    <subfield code="1">0</subfield>
    <subfield code="4">0</subfield>
    <subfield code="7">0</subfield>
    <subfield code="a">HIMR</subfield>
    <subfield code="b">HIMR</subfield>
    <subfield code="d">2004-10-02</subfield>
    <subfield code="e">Goel Book agencies</subfield>
    <subfield code="g">195.00</subfield>
    <subfield code="i">709/30.9.2004</subfield>
    <subfield code="o">658.312 44 MIC B04143</subfield>
    <subfield code="p">HIMR-BK-4143</subfield>
    <subfield code="r">2023-01-25 00:00:00</subfield>
    <subfield code="v">166.00</subfield>
    <subfield code="w">2004-09-30</subfield>
    <subfield code="y">BK</subfield>
    <subfield code="z">B04143</subfield>
  </datafield>
  <datafield tag="952" ind1=" " ind2=" ">
    <subfield code="0">0</subfield>
    <subfield code="1">0</subfield>
    <subfield code="4">0</subfield>
    <subfield code="7">0</subfield>
    <subfield code="a">HIMR</subfield>
    <subfield code="b">HIMR</subfield>
    <subfield code="d">2014-03-21</subfield>
    <subfield code="e">Himalaya publishing house</subfield>
    <subfield code="g">430.00</subfield>
    <subfield code="i">A009961</subfield>
    <subfield code="l">0</subfield>
    <subfield code="o">658.312 44 MIC B12624</subfield>
    <subfield code="p">HIMR-BK-12624</subfield>
    <subfield code="r">2023-01-25 00:00:00</subfield>
    <subfield code="v">322.00</subfield>
    <subfield code="w">2014-03-20</subfield>
    <subfield code="y">BK</subfield>
    <subfield code="z">B12624</subfield>
  </datafield>
  <datafield tag="952" ind1=" " ind2=" ">
    <subfield code="0">0</subfield>
    <subfield code="1">0</subfield>
    <subfield code="4">0</subfield>
    <subfield code="7">0</subfield>
    <subfield code="a">HIMR</subfield>
    <subfield code="b">HIMR</subfield>
    <subfield code="d">2014-03-21</subfield>
    <subfield code="e">Himalaya publishing house</subfield>
    <subfield code="g">430.00</subfield>
    <subfield code="i">A009961</subfield>
    <subfield code="l">0</subfield>
    <subfield code="o">658.312 44 MIC B12623</subfield>
    <subfield code="p">HIMR-BK-12623</subfield>
    <subfield code="r">2023-01-25 00:00:00</subfield>
    <subfield code="v">322.00</subfield>
    <subfield code="w">2014-03-20</subfield>
    <subfield code="y">BK</subfield>
    <subfield code="z">B12623</subfield>
  </datafield>
</record>
